| 000 | 00615nam a22002057a 4500 | ||
|---|---|---|---|
| 005 | 20251108164947.0 | ||
| 008 | 250721s9999 xx 000 0 ara d | ||
| 082 | 1 | 4 | _a970/برج |
| 100 | 1 | _aبرجر، جوزيف | |
| 245 | 1 | 0 | _aمكتشفو العالم الجديد / |
| 264 | 1 |
_aالإسكندرية : _bمؤسسة شباب الجامعة، _c[19-]. |
|
| 300 | _a112ص | ||
| 650 | 1 | 7 | _aالولايات المتحدة |
| 650 | 1 | 7 | _aالتاريخ السياسي |
| 650 | 1 | 7 | _aالرحلات |
| 650 | 1 | 7 | _aالسفر |
| 700 | 1 |
_aيوسف، السيد _eترجمة |
|
| 942 |
_2ddc _cBK |
||
| 999 |
_c18480 _d18480 |
||